Sports Quiz

Random Sports or Baseball Quiz

1972 Topps Baseball Rookies Quiz Stats

 Plays Quiz not verified by Sporcle

Score 0/80 Timer 18:00
0 Plays Today
Team Player % Correct
Boston Red SoxCarlton Fisk
74.2%
New York MetsJon Matlack
67.7%
Baltimore OriolesDon Baylor
64.5%
Boston Red SoxCecil Cooper
64.5%
Baltimore OriolesMickey Scott
61.3%
California AngelsBilly Parker
61.3%
Milwaukee BrewersDarrell Porter
58.1%
Baltimore OriolesJohnny Oates
58.1%
Boston Red SoxRick Miller
58.1%
New York MetsBuzz Capra
54.8%
Houston AstrosJ.R. Richard
54.8%
Los Angeles DodgersCharlie Hough
54.8%
Milwaukee BrewersBob Reynolds
51.6%
Oakland A'sDwain Anderson
51.6%
Texas RangersBill Fahey
51.6%
New York MetsJohn Milner
51.6%
Philadelphia PhilliesMike Anderson
51.6%
San Francisco GiantsJim Barr
51.6%
San Francisco GiantsBernie Williams
51.6%
San Diego PadresDerrel Thomas
51.6%
Milwaukee BrewersJerry Bell
48.4%
Baltimore OriolesRoric Harrison
48.4%
Minnesota TwinsRick Dempsey
48.4%
Chicago CubsBurt Hooton
48.4%
Pittsburgh PiratesFred Cambria
48.4%
Pittsburgh PiratesRichie Zisk
48.4%
New York YankeesRusty Torres
45.2%
Texas RangersTom Ragland
45.2%
Montreal ExposTerry Humphrey
45.2%
San Francisco GiantsDave Rader
45.2%
Boston Red SoxBen Oglivie
41.9%
Texas RangersJim Mason
41.9%
Minnesota TwinsSteve Brye
41.9%
St. Louis CardinalsJim Bibby
41.9%
Philadelphia PhilliesWayne Twitchell
41.9%
Houston AstrosBill Greif
41.9%
Houston AstrosRay Busse
41.9%
San Diego PadresMike Ivie
41.9%
Cincinnati RedsEd Armbrister
41.9%
Cleveland IndiansDick Tidrow
38.7%
Team Player % Correct
Boston Red SoxMike Garman
38.7%
New York YankeesAlan Closter
38.7%
New York YankeesRoger Hambright
38.7%
California AngelsArt Kusnyer
38.7%
Kansas City RoyalsMonty Montgomery
38.7%
Chicago White SoxDave Lemonds
38.7%
New York MetsLeroy Stanton
38.7%
Philadelphia PhilliesTom Hutton
38.7%
Houston AstrosBob Fenwick
38.7%
Houston AstrosBob Stinson
38.7%
Los Angeles DodgersRon Cey
38.7%
San Francisco GiantsChris Arnold
38.7%
Detroit TigersTim Hosley
35.5%
Minnesota TwinsBob Gebhard
35.5%
Chicago CubsGene Hiser
35.5%
Atlanta BravesTom House
35.5%
Atlanta BravesJimmy Britton
35.5%
Los Angeles DodgersBob O'Brien
35.5%
Cincinnati RedsMel Behney
35.5%
Cleveland IndiansTerry Ley
32.3%
Boston Red SoxJohn Curtis
32.3%
Detroit TigersJim Foor
32.3%
Detroit TigersPaul Jata
32.3%
Minnesota TwinsHal Haydel
32.3%
Minnesota TwinsVic Albury
32.3%
Chicago White SoxDon Eddy
32.3%
St. Louis CardinalsJorge Roque
32.3%
Chicago CubsEarl Stephenson
32.3%
Montreal ExposKeith Lampard
32.3%
Philadelphia PhilliesPete Koegel
32.3%
Atlanta BravesRick Kester
32.3%
Los Angeles DodgersMike Strahler
32.3%
San Diego PadresDarcy Fast
32.3%
Cleveland IndiansJim Moyer
29%
New York YankeesRich Hinton
29%
California AngelsTom Silverio
29%
Oakland A'sChris Floethe
29%
Kansas City RoyalsLance Clemons
29%
Minnesota TwinsJim Strickland
29%
St. Louis CardinalsSantiago Guzman
29%

You're not logged in!

Compare scores with friends on all Sporcle quizzes.
OR
Log In

You Might Also Like...

Show Comments

Extras

Top Quizzes Today


Score Distribution

Your Account Isn't Verified!

In order to create a playlist on Sporcle, you need to verify the email address you used during registration. Go to your Sporcle Settings to finish the process.

Report this User

Report this user for behavior that violates our Community Guidelines.

Details: